Statistics for Cities in Canada by their Nicknames

Click here to take the quiz!

General Stats

  • This quiz has been taken 31 times
  • The average score is 12 of 15

Answer Stats

ProvinceNicknamesAnswer% Correct
AlbertaThe Stampede CityCalgary
100%
QuébecThe City of a
Hundred Steeples
Montréal
97%
QuébecLa Vieille CapitaleQuébec City
93%
AlbertaThe Oil Capital of CanadaEdmonton
90%
OntarioThe 6ixToronto
90%
British ColumbiaHollywood NorthVancouver
90%
OntarioBytownOttawa
86%
SaskatchewanParis of the PrairiesSaskatoon
86%
ManitobaGateway to the WestWinnipeg
79%
OntarioHoneymoon Capital
of the World
Niagara Falls
76%
SaskatchewanThe Queen CityRegina
76%
Prince Edward IslandBirthplace of
Confederation
Charlottetown
66%
ManitobaPolar Bear Capital
of the World
Churchill
55%
OntarioLakeheadThunder Bay
52%
OntarioAutomotive Capital
of Canada
Windsor
48%

Score Distribution

Percentile by Number Answered

Percent of People with Each Score

Your Score History

You have not taken this quiz